[Event "WchT Seniors 65"]
[Site "Struga"]
[Date "2023.09.28"]
[Round "9.1"]
[White "Ilic, Ljubomir"]
[Black "O'Connor, Eddie"]
[Result "1-0"]
[WhiteElo "2044"]
[BlackElo "1965"]
[PlyCount "41"]
[EventDate "2023.09.19"]
[EventType "team-swiss"]
[EventRounds "9"]
[EventCountry "MKD"]
[SourceTitle "EXT 2024"]
[Source "ChessBase"]
[SourceDate "2023.10.10"]
[SourceVersion "1"]
[SourceVersionDate "2023.10.10"]
[SourceQuality "1"]
[WhiteTeam "Macedonia 65"]
[BlackTeam "Ireland 65"]
[WhiteTeamCountry "MKD"]
[BlackTeamCountry "IRL"]

1. e4 e6 2. d4 d5 3. Nd2 Nf6 4. e5 Nfd7 5. f4 c5 6. Ndf3 Nc6 7. c3 cxd4 8. cxd4 Bb4+ 9. Kf2 f6 10. g3 fxe5 11. fxe5 0-0 12. Kg2 Be7 13. Bd3 Kh8 14. h4 Qb6 15. Ne2 Rxf3 16. Kxf3 Nxd4+ 17. Kg2 Nc6 18. Nf4 Ndxe5 19. Qh5 g6 20. Nxg6+ Kg7 21. Nxe5 1-0

[Event "FRM-ch op"]
[Site "Skopje"]
[Date "2023.05.06"]
[Round "3"]
[White "Ivanov, Andrey6666"]
[Black "Ilic, Ljubomir"]
[Result "0-1"]
[WhiteElo "1583"]
[BlackElo "2058"]
[PlyCount "90"]
[EventDate "2023.05.04"]
[EventType "swiss"]
[EventRounds "9"]
[EventCountry "MKD"]
[SourceTitle "CBM 214 Extra"]
[Source "ChessBase"]
[SourceDate "2023.07.31"]
[SourceVersion "1"]
[SourceVersionDate "2023.07.31"]
[SourceQuality "1"]

1. d4 c5 2. d5 Nf6 3. Nc3 g6 4. e4 d6 5. Bf4 Bg7 6. Be2 0-0 7. h4 b5 8. Bxb5 Nxe4 9. Nxe4 Qa5+ 10. Nc3 Bxc3+ 11. bxc3 Qxb5 12. h5 Qc4 13. Ne2 Nd7 14. Qd3 Ba6 15. Bh6 Rfe8 16. hxg6 fxg6 17. Nf4 Nf6 18. f3 Qxf4 19. Bxf4 Bxd3 20. cxd3 Nxd5 21. Bd2 Rab8 22. 0-0-0 Rb7 23. Kc2 Reb8 24. Bc1 e5 25. Rh4 Nf4 26. Bxf4 Rb2+ 27. Kc1 exf4 28. Rxf4 Rxg2 29. Re1 Rf8 30. Ra4 Rxf3 31. Rxa7 Rf7 32. Ra6 h5 33. Rxd6 h4 34. Rh1 h3 35. a4 h2 36. Re6 Rff2 37. Kb1 Rb2+ 38. Ka1 Ra2+ 39. Kb1 Rxa4 40. Ree1 Rf4 41. Rd1 Rff2 42. d4 cxd4 43. cxd4 Rd2 44. Rxd2 Rxd2 45. d5 Kf7 0-1

[Event "FRM-ch op"]
[Site "Skopje"]
[Date "2023.05.04"]
[Round "1"]
[White "Tasevski, Daniel"]
[Black "Ilic, Ljubomir"]
[Result "0-1"]
[WhiteElo "1298"]
[BlackElo "2058"]
[PlyCount "124"]
[EventDate "2023.05.04"]
[EventType "swiss"]
[EventRounds "9"]
[EventCountry "MKD"]
[SourceTitle "CBM 214 Extra"]
[Source "ChessBase"]
[SourceDate "2023.07.31"]
[SourceVersion "1"]
[SourceVersionDate "2023.07.31"]
[SourceQuality "1"]

1. e4 c5 2. Nf3 d6 3. d4 cxd4 4. Nxd4 Nf6 5. Bd3 e6 6. Nc3 Be7 7. Bg5 Nc6 8. Nxc6 bxc6 9. 0-0 d5 10. exd5 cxd5 11. Bb5+ Bd7 12. Bxd7+ Qxd7 13. Qe2 0-0 14. a3 Rfc8 15. Rfd1 h6 16. Bh4 Rab8 17. Rdb1 Rc4 18. Bg3 Rbc8 19. Rd1 Qc6 20. Be5 Nd7 21. Rd4 Nxe5 22. Qxe5 Bf6 23. Rxc4 Qxc4 24. Qg3 Bxc3 25. Qxc3 Qxc3 26. bxc3 Rxc3 27. Ra2 Kf8 28. Kf1 Ke7 29. Ke2 a5 30. Kd2 d4 31. a4 Kf6 32. h3 g5 33. g3 h5 34. Kd1 h4 35. gxh4 gxh4 36. Ke2 Rxh3 37. f3 Kf5 38. Rb2 e5 39. Rb5 Rh2+ 40. Kd3 Rf2 41. Rxa5 Rxf3+ 42. Ke2 Rc3 43. Ra7 f6 44. Kd2 h3 45. Rh7 Ra3 46. a5 Ke4 47. a6 Rxa6 48. Rxh3 f5 49. Rb3 f4 50. Rh3 Rg6 51. Rh2 Rg3 52. Re2+ Kf5 53. Ke1 e4 54. Kf2 Rh3 55. Kg1 e3 56. Re1 Ke4 57. Ra1 f3 58. Ra8 f2+ 59. Kg2 Rh5 60. Re8+ Re5 61. Rd8 Rg5+ 62. Kf1 Rg1+ 0-1

[Event "Skopje op"]
[Site "Skopje"]
[Date "2019.12.06"]
[Round "1"]
[White "Ilic, Ljubomir"]
[Black "Bultijnck, Kristoff"]
[Result "1-0"]
[WhiteElo "2079"]
[BlackElo "1590"]
[PlyCount "87"]
[EventDate "2019.12.06"]
[EventType "swiss"]
[EventRounds "9"]
[EventCountry "MKD"]
[SourceTitle "CBM 193 Extra"]
[Source "ChessBase"]
[SourceDate "2020.01.31"]
[SourceVersion "1"]
[SourceVersionDate "2020.01.31"]
[SourceQuality "1"]

1. e4 e5 2. Nf3 Nc6 3. Nc3 Nf6 4. g3 d5 5. exd5 Nxd5 6. Bg2 Be7 7. 0-0 0-0 8. d4 Nxc3 9. bxc3 exd4 10. cxd4 Re8 11. c3 Be6 12. Bf4 Qd7 13. Re1 Bd5 14. Qa4 Bd6 15. Bxd6 Qxd6 16. c4 Be4 17. d5 Qb4 18. Qb3 Qxb3 19. axb3 Nb4 20. Nd4 Bxg2 21. Kxg2 a6 22. Kf1 Kf8 23. Rad1 Rxe1+ 24. Kxe1 Ke7 25. Kd2 Kd7 26. Nf5 g6 27. Nh6 f5 28. Nf7 Rf8 29. Ng5 h6 30. Ne6 Rf6 31. Kc3 a5 32. Kd4 b6 33. Ke5 Rf7 34. f4 Na6 35. h4 h5 36. Ra1 Nb4 37. c5 Nd3+ 38. Kd4 Nb4 39. Rc1 b5 40. c6+ Kd6 41. Rc5 Na6 42. Rxb5 Nb4 43. Nd8 Re7 44. Nb7# 1-0

[Event "FRM-ch op"]
[Site "Skopje"]
[Date "2018.12.23"]
[Round "9"]
[White "Ilic, Ljubomir"]
[Black "Zlatkov, Anton"]
[Result "1-0"]
[WhiteElo "2099"]
[BlackElo "1704"]
[PlyCount "81"]
[EventDate "2018.12.15"]
[EventType "swiss"]
[EventRounds "9"]
[EventCountry "MKD"]
[SourceTitle "CBM 187 Extra"]
[Source "ChessBase"]
[SourceDate "2018.11.04"]
[SourceVersion "1"]
[SourceVersionDate "2018.11.04"]
[SourceQuality "1"]

1. e4 c5 2. Nf3 d6 3. d4 cxd4 4. Nxd4 Nf6 5. Nc3 g6 6. Be3 Bg7 7. f3 0-0 8. Qd2 Nc6 9. 0-0-0 Nxd4 10. Bxd4 Be6 11. Kb1 Qc7 12. Nd5 Bxd5 13. exd5 Nd7 14. Bxg7 Kxg7 15. h4 Nf6 16. g4 Rac8 17. c3 Qa5 18. g5 Nh5 19. Bh3 Rc4 20. Bg4 b5 21. Rhe1 Qc7 22. Qe3 Re8 23. Rd4 Kf8 24. Bxh5 gxh5 25. Qd3 Kg8 26. f4 Rxd4 27. cxd4 Rc8 28. f5 Qc4 29. Qxc4 Rxc4 30. Rxe7 Rxd4 31. f6 h6 32. gxh6 Rxh4 33. Rxf7 Rf4 34. Rg7+ Kh8 35. f7 h4 36. Rg8+ Kh7 37. f8Q Rxf8 38. Rxf8 Kxh6 39. Rh8+ Kg5 40. Kc2 Kg4 41. Kd3 1-0

[Event "FRM-ch op"]
[Site "Skopje"]
[Date "2018.12.19"]
[Round "5"]
[White "Ilic, Ljubomir"]
[Black "Jancev, Valentin"]
[Result "1-0"]
[WhiteElo "2099"]
[BlackElo "1812"]
[PlyCount "51"]
[EventDate "2018.12.15"]
[EventType "swiss"]
[EventRounds "9"]
[EventCountry "MKD"]
[SourceTitle "CBM 187 Extra"]
[Source "ChessBase"]
[SourceDate "2018.11.04"]
[SourceVersion "1"]
[SourceVersionDate "2018.11.04"]
[SourceQuality "1"]

1. e4 d5 2. exd5 Qxd5 3. Nc3 Qe5+ 4. Be2 c6 5. d4 Qc7 6. d5 Nf6 7. dxc6 bxc6 8. Nf3 e6 9. 0-0 Be7 10. Bd3 Ba6 11. Bxa6 Nxa6 12. Qe2 Nc5 13. Be3 0-0 14. Qc4 Ncd7 15. Rfd1 Nb6 16. Qe2 Rfd8 17. h3 Rxd1+ 18. Rxd1 Rd8 19. Rxd8+ Qxd8 20. Qa6 Qb8 21. a4 Qc7 22. a5 Nc8 23. Nd4 c5 24. Nc6 Nd5 25. Nxd5 exd5 26. Qxc8+ 1-0

[Event "Skopje Karposh op"]
[Site "Skopje"]
[Date "2017.04.03"]
[Round "4"]
[White "Stopa, Jacek"]
[Black "Ilic, Ljubomir"]
[Result "1-0"]
[WhiteElo "2451"]
[BlackElo "2180"]
[PlyCount "84"]
[EventDate "2017.04.01"]
[EventType "swiss"]
[EventRounds "9"]
[EventCountry "MKD"]
[SourceTitle "CBM 177 Extra"]
[Source "ChessBase"]
[SourceDate "2017.04.27"]
[SourceVersion "1"]
[SourceVersionDate "2017.04.27"]
[SourceQuality "1"]

1. f4 c5 2. Nf3 Nc6 3. g3 g6 4. Bg2 Bg7 5. 0-0 e6 6. d3 Nge7 7. e4 0-0 8. c3 d6 9. a4 a6 10. g4 f5 11. gxf5 gxf5 12. Be3 c4 13. Na3 cxd3 14. Qxd3 fxe4 15. Qxe4 Nf5 16. Bf2 h6 17. Rad1 Qf6 18. Qe2 d5 19. Nc2 Bd7 20. Rd3 Kh8 21. b3 b5 22. c4 bxc4 23. bxc4 Rae8 24. Ne3 Ncd4 25. Nxd4 Nxd4 26. Qd1 Qxf4 27. Nxd5 Ne2+ 28. Qxe2 exd5 29. Qa2 Bg4 30. Be3 Qxc4 31. Qd2 Rxf1+ 32. Bxf1 Rf8 33. Bxh6 Rxf1+ 34. Kxf1 Bf5 35. Bxg7+ Kg8 36. Ke2 Bxd3+ 37. Qxd3 Qg4+ 38. Kf2 Kxg7 39. Qg3 Qxg3+ 40. Kxg3 Kf6 41. Kf4 a5 42. Ke3 Kg7 1-0

[Event "Skopje Karpos Cristmas op"]
[Site "Skopje"]
[Date "2016.01.16"]
[Round "2"]
[White "Drenchev, Petar"]
[Black "Ilic, Ljubomir"]
[Result "1/2-1/2"]
[WhiteElo "2490"]
[BlackElo "2094"]
[PlyCount "99"]
[EventDate "2016.01.16"]
[EventType "swiss"]
[EventRounds "9"]
[EventCountry "MKD"]
[SourceTitle "CBM 170 Extra"]
[Source "ChessBase"]
[SourceDate "2016.02.25"]
[SourceVersion "1"]
[SourceVersionDate "2016.02.25"]
[SourceQuality "1"]

1. d4 Nf6 2. c4 c5 3. d5 b5 4. cxb5 a6 5. bxa6 Bxa6 6. Nc3 d6 7. Nf3 g6 8. e4 Bxf1 9. Kxf1 Bg7 10. g3 0-0 11. Kg2 Nbd7 12. h3 Ra7 13. Re1 Qa8 14. Qd3 Rb8 15. Re2 Ne8 16. Bg5 Ne5 17. Nxe5 Bxe5 18. h4 Rab7 19. Nd1 f6 20. Bd2 Bxb2 21. Nxb2 Rxb2 22. a4 Nc7 23. Bc3 R2b3 24. Re3 Qa6 25. Qxa6 Nxa6 26. a5 Kf7 27. Kf3 Ra8 28. Ke2 Rb5 29. Bd2 Rab8 30. Rea3 Rb2 31. R1a2 R2b5 32. Kd3 Rb1 33. Kc4 Ke8 34. Ra1 R1b5 35. Bc3 Kd7 36. Re1 Rb1 37. Rxb1 Rxb1 38. Ra1 Rb7 39. f4 Rb8 40. h5 gxh5 41. Rh1 Nb4 42. Rxh5 Na2 43. Rxh7 Nxc3 44. Kxc3 Rb5 45. g4 Rxa5 46. g5 fxg5 47. fxg5 Ra3+ 48. Kc4 Rg3 49. Rg7 Ke8 50. g6 1/2-1/2

[Event "Skopje-ch op"]
[Site "Skopje"]
[Date "2015.12.13"]
[Round "7"]
[White "Ilic, Ljubomir"]
[Black "Stanojoski, Zvonko"]
[Result "0-1"]
[WhiteElo "2132"]
[BlackElo "2423"]
[PlyCount "90"]
[EventDate "2015.12.13"]
[EventType "swiss"]
[EventRounds "9"]
[EventCountry "MKD"]
[SourceTitle "EXT 2018"]
[Source "ChessBase"]
[SourceDate "2017.10.13"]
[SourceVersion "1"]
[SourceVersionDate "2017.10.13"]
[SourceQuality "1"]

1. e4 c5 2. Nc3 a6 3. a4 Nc6 4. Nf3 g6 5. d4 cxd4 6. Nxd4 Bg7 7. Be3 Nf6 8. Nxc6 bxc6 9. e5 Ng8 10. f4 f6 11. Qd4 Qa5 12. exf6 Nxf6 13. b4 Qc7 14. Ra3 0-0 15. Qd3 d5 16. Ne2 Bf5 17. Qd1 Ng4 18. Bc5 Rf7 19. h3 Nf6 20. Bd4 Ne4 21. Bxg7 Rxg7 22. Qd4 Re8 23. Qe5 Nd6 24. Nd4 Qb6 25. c3 Nf7 26. Qe3 Be4 27. Kf2 e5 28. fxe5 Nxe5 29. Kg1 Rf7 30. Kh2 a5 31. b5 c5 32. Nc6 Nxc6 33. bxc6 Qxc6 34. Bb5 Qd6+ 35. Qg3 Re5 36. Re1 Qe7 37. Ra2 Rg5 38. Rxe4 dxe4 39. Qb8+ Kg7 40. Rd2 Qc7+ 41. Qxc7 Rxc7 42. Rd8 Re7 43. g4 Rd5 44. Kg3 Rd2 45. Kf4 Rf2+ 0-1

[Event "Skopje Alkaloid rap op"]
[Site "Skopje"]
[Date "2015.12.06"]
[Round "3"]
[White "Ilic, Ljubomir"]
[Black "Jacimovic, Dragoljub"]
[Result "1/2-1/2"]
[WhiteElo "2189"]
[BlackElo "2399"]
[PlyCount "170"]
[EventDate "2015.12.06"]
[EventType "swiss (rapid)"]
[EventRounds "9"]
[EventCountry "MKD"]
[SourceTitle "CBM 169 Extra"]
[Source "ChessBase"]
[SourceDate "2015.12.18"]
[SourceVersion "1"]
[SourceVersionDate "2015.12.18"]
[SourceQuality "1"]

1. e4 e6 2. d4 d5 3. Nc3 Bb4 4. Nge2 dxe4 5. a3 Bxc3+ 6. Nxc3 Nc6 7. Bb5 Nge7 8. Be3 0-0 9. Nxe4 Qd5 10. Bxc6 Nxc6 11. f3 Rd8 12. c3 e5 13. Rc1 Qe6 14. 0-0 Qg6 15. d5 Ne7 16. c4 Bf5 17. Bc5 Nc8 18. Qe2 b6 19. Bf2 Nd6 20. Rfe1 Rac8 21. c5 Ne8 22. cxb6 cxb6 23. Qa6 Rxc1 24. Rxc1 Bxe4 25. fxe4 Qxe4 26. Qxa7 b5 27. Qb7 Qxd5 28. Qxd5 Rxd5 29. h3 f5 30. Rc8 Kf7 31. Rb8 f4 32. b4 e4 33. Bc5 e3 34. Rxb5 Rd1+ 35. Kh2 e2 36. Bf2 e1Q 37. Bxe1 Rxe1 38. Rf5+ Ke6 39. Rxf4 Nf6 40. a4 Nd5 41. Rc4 Rb1 42. b5 Rb3 43. Rc6+ Ke5 44. Rc8 Rb4 45. Ra8 Nc3 46. Ra7 Kf6 47. Ra6+ Kg5 48. b6 Nxa4 49. b7 Nb2 50. Ra7 Kh6 51. g4 g5 52. Ra6+ Kg7 53. Ra7 Kf6 54. Ra6+ Ke5 55. Ra5+ Kf6 56. Ra6+ Ke5 57. Ra5+ Ke4 58. Rxg5 Rxb7 59. Rf5 Nc4 60. Kg3 Ne3 61. Rf4+ Ke5 62. Rf8 Nd5 63. Kh4 Nf6 64. Kg5 Rg7+ 65. Kh4 Ke6 66. g5 Ne4 67. Re8+ Kf5 68. Rf8+ Ke5 69. Re8+ Kf4 70. Rf8+ Ke3 71. Rf5 Nf2 72. Kg3 Ne4+ 73. Kg4 Ra7 74. Rf3+ Kd4 75. h4 Re7 76. h5 Re5 77. Rf5 Re7 78. g6 hxg6 79. hxg6 Re6 80. Kh5 Ng3+ 81. Kg5 Nxf5 82. Kxf5 Re5+ 83. Kf6 Ke4 84. g7 Rf5+ 85. Kg6 Rf1 1/2-1/2

[Event "EU-Cup 31st"]
[Site "Skopje"]
[Date "2015.10.21"]
[Round "4.3"]
[White "Freeman, Gordon"]
[Black "Ilic, Ljubomir"]
[Result "0-1"]
[WhiteElo "2150"]
[BlackElo "2189"]
[PlyCount "94"]
[EventDate "2015.10.18"]
[EventType "team-swiss"]
[EventRounds "7"]
[EventCountry "MKD"]
[SourceTitle "CBM 169"]
[Source "ChessBase"]
[SourceDate "2015.11.10"]
[SourceVersion "1"]
[SourceVersionDate "2015.11.10"]
[SourceQuality "1"]
[WhiteTeam "Gonzaga"]
[BlackTeam "MSK Centar"]
[WhiteTeamCountry "IRL"]
[BlackTeamCountry "MKD"]

1. e4 d5 2. exd5 Qxd5 3. Nc3 Qa5 4. d4 Nf6 5. Nf3 Nc6 6. d5 Nb4 7. Bb5+ Bd7 8. Bxd7+ Nxd7 9. 0-0 Nf6 10. Qe2 Nbxd5 11. Nxd5 Qxd5 12. Rd1 Qf5 13. Nd4 Qc8 14. Bf4 a6 15. Rd3 c5 16. Nf3 e6 17. Ne5 b5 18. Rad1 Be7 19. Nd7 Qc6 20. Nxf6+ Bxf6 21. Rd6 Qc8 22. Be5 Bxe5 23. Qxe5 0-0 24. Rd7 c4 25. h4 Qb8 26. Qd4 h6 27. h5 a5 28. Qc5 Rc8 29. Qe7 Qf4 30. R1d4 Qf6 31. Qd6 Rf8 32. c3 Qg5 33. Rf4 Qxh5 34. Rf3 Rac8 35. Rg3 Qf5 36. Qd4 e5 37. Qd6 Qf4 38. Re7 Rcd8 39. Qxe5 Rd1+ 40. Kh2 Qh4+ 41. Rh3 Qxf2 42. Re8 Qg1+ 43. Kg3 Rd3+ 44. Kh4 Qf2+ 45. g3 Rxe8 46. Qxe8+ Kh7 47. Qe4+ g6 0-1